00292nam a2200121Ia 4500008004100000100001600041245002600057260004100083300000800124650001400132942000700146999001700153190216s9999||||xx |||||||||||||| ||und|| aJohn W Best 0aResearch In Education bPrentice Hall Of India Pvt Ltdc1983 a498 aEducation cBK c21037d21037